00556nam a2200169Ia 4500008004100000020001800041050002300059100003500082245009300117260005100210300002500261336001000286337001400296338001200310650003000322650003400352120626s2009 sp a 000 0 spa d a9788448168711 aBF721.2bD345 2009 aDelgado Egido, Begoñaeautor aPsicología del desarrollo 2b: desde la infancia a la vejezc/ Begoña Delgado Egido aEspañab: McGraw-Hill Interamericanac, 2009 axiii ; 248 páginas atexto asin medio avolumen 0aPSICOLOGIA DEL DESARROLLO 0aDESARROLLO HUMANOvPSICOLOGIA